Datum a čas kvízu
39
Celkem bodů
Celkový počet nahraných bodů na tomto kvízu bez doplňovacích otázek.
2.
Pořadí na kvízu
Konečné umístění týmu na tomto kvízu.
Zaznamenané odpovědi
| # | Otázka | Odpověď | Body | Výsledky |
|---|---|---|---|---|
| 1. | Ministr dopravy Vladimír Kreml... | Francie | 1 | |
| 2. | Senát jednoho státu na jihu US... | Alabama | 0 | |
| 3. | Který známý umělec si vzal v n... | Rytmus / Patrik Vrbovský | 1 | |
| 4. | Čínská společnost Xiaomi přišl... | v automatu | 1 | |
| 5. | Jakub Voráček se stal druhým h... | Matěj | 1 | |
| 6. | Volby do Evropského parlamentu... | čtvrté | 1 | |
| 7. | Z výsledků voleb vzejde i nový... | Jan Zahradil | 1 | |
| 8. | Přiřaďte politické strany k je... | 1C 2B 3A 4D | 0 | |
| 9. | Ve francouzském Štrasburku síd... | Rada Evropy | 0 | |
| 10. | Jedenatřicetiletý kandidát nov... | Tinder | 0 |